000 00649nam a2200205Ia 4500
003 GCL
008 140319s9999 xx 000 0 ara d
040 _aGCL /
_cGCL
082 0 4 _a185
_bش ط
100 1 _aصقر خفاجة (مراجع)
245 1 0 _aالطبيعة والاغريق /
_cصقر خفاجة (مراجع)
700 1 _aشرود نجر، ايرفين
700 1 _aعزت قرنى (مترجم)
300 _a139
490 _aالالف كتاب
_v0
650 0 4 _aالفلسفة اليونانية
650 0 4 _aالفلسفة الاغريقية
650 0 4 _aالفلسفة اليونانية القديمة
942 _2ddc
_cBK
999 _c42959
_d42959